000 00282nam a22001337a 4500
003 SGT
020 _a9780706998979
082 _a658.15
_bPAN
100 _aPANDEY, I.M
245 _aMANAGEMENT ACCOUNTING
260 _bVIKAS PUBLISHING
_c2018
300 _a608
942 _2ddc
_cBK
_020
999 _c16254
_d16254